| 000 | 01168nam2a22002291 4500 | ||
|---|---|---|---|
| 001 | rc\698590 | ||
| 005 | 20250621232950.0 | ||
| 035 | _a(NLR Aleph) 005977090 | ||
| 090 |
_a6989821 _c6989821 |
||
| 100 | _a20031121d1985 |||y0rusy50 ca | ||
| 101 | 0 | _arus | |
| 102 | _aRU | ||
| 105 | _ay ||||||||| | ||
| 200 | 0 |
_a... 1985 _f[Сост. Е.Г. Клюева, Н.И. Мусиенко _gРед. И.С. Шелестович] |
|
| 210 |
_d1985 _aБ. м. |
||
| 215 | _a44 с. | ||
| 461 | 0 |
_1001rc\1189551 _12001#$aСводный указатель иностранных журналов, получаемых библиотеками г. Одессы...$fМ-во культуры УССР, Одес. гос. науч. б-ка им. А.М. Горького$v... 1985 _96963270 _cОдесса _d1980 _fМ-во культуры УССР, Одес. гос. науч. б-ка им. А.М. Горького _nОГНБ _tСводный указатель иностранных журналов, получаемых библиотеками г. Одессы... _v... 1985 |
|
| 801 | 0 |
_aRU _bNLR _gpsbo |
|
| 801 | 1 |
_aRU _bELAR _2rusmarc |
|
| 852 |
_aNLR _bС _jК-1/227 |
||
| 942 | _cBOOK | ||
| 980 | _aNB | ||